| 000 | 00467nam a2200169Ia 4500 | ||
|---|---|---|---|
| 008 | 230917s9999||||xx |||||||||||||| ||und|| | ||
| 020 | _cRS1995 | ||
| 040 |
_e229222 _aMAIN |
||
| 041 | _aEnglish | ||
| 082 | _a578.770954 J78M | ||
| 100 | _aJoshua, Neena Suzzan, ed. | ||
| 245 | 0 | _aMarine and coastal biodiversity | |
| 260 |
_aNew Delhi _bAPH Publishing _c2015 |
||
| 300 | _aix, 434 p. | ||
| 500 | _a2170 09/11/2015 RBP15/48714 19/11/2015 Main Budget | ||
| 942 | _cBK | ||
| 999 |
_c16571 _d16571 |
||